Arquitectura de computadoras : de los microprocesadores a las supercomputadores (Registro nro. 6025)
[ vista simple ]
| 000 -CABECERA | |
|---|---|
| campo de control de longitud fija | 00906ata a2200301 4500 |
| 005 - FECHA Y HORA DE ACTUALIZACIÓN | |
| campo de control | 20230602191134.0 |
| 008 - LONGITUD FIJA | |
| campo de control de longitud fija | 150526b2007 xxu||||| |||| 00| 0 spa d |
| 041 ## - IDIOMA | |
| Código de idioma del texto/pista de sonido o título separado | Español |
| 082 ## - CLASIFICACIÓN DECIMAL DEWEY | |
| Número de clasificación | 004.22 P229a |
| 100 ## - AUTOR PERSONAL | |
| Nombre de persona | Parhami, Behrooz |
| 245 ## - TÍTULO PROPIAMENTE DICHO | |
| Título | Arquitectura de computadoras : de los microprocesadores a las supercomputadores |
| 260 ## - PIE DE IMPRENTA | |
| Lugar de publicación, distribución, etc. | México |
| 260 ## - PIE DE IMPRENTA | |
| Nombre del editor, distribuidor, etc. | McGraw-Hill |
| 260 ## - PIE DE IMPRENTA | |
| Fecha de publicación, distribución, etc. | 2007 |
| 300 ## - DESCRIPCIÓN FÍSICA | |
| Extensión | 558 páginas |
| 650 ## - Materia General | |
| Materia general | ARQUITECTURA DE COMPUTADORAS |
| 650 ## - Materia General | |
| Materia general | CIRCUITOS DIGITALES |
| 650 ## - Materia General | |
| Materia general | PROCESAMIENTO |
| 650 ## - Materia General | |
| Materia general | LENGUAJE ENSAMBLADOR |
| 650 ## - Materia General | |
| Materia general | ARITMÉTICA |
| 650 ## - Materia General | |
| Materia general | SISTEMAS DE MEMORIA |
| 650 ## - Materia General | |
| Materia general | PROGRAMACIÓN |
| 650 ## - Materia General | |
| Materia general | DISPOSITIVOS DE ENTRADA |
| 650 ## - Materia General | |
| Materia general | DISPOSITIVOS DE SALIDA |
| 650 ## - Materia General | |
| Materia general | INTERFASES |
| 650 ## - Materia General | |
| Materia general | PROCESAMIENTO CENTRAL |
| 942 ## - Punto de Acceso Adicional Koha | |
| Tipo de ítem Koha | Libro |
| Estado perdido | Estado dañado | No para préstamo | Biblioteca permanente | Biblioteca actual | Signatura completa | Código de barras | Tipo de ítem | Precio efectivo a partir del |
|---|---|---|---|---|---|---|---|---|
| Departamento de Biblioteca y Documentación Alfonso Chase Brenes | Departamento de Biblioteca y Documentación Alfonso Chase Brenes | 004.22 P229a | 17460 | Libro | ||||
| Departamento de Biblioteca y Documentación Alfonso Chase Brenes | Departamento de Biblioteca y Documentación Alfonso Chase Brenes | 004.22 P229a | 17461 | Libro | 11/08/2016 |